Non-standard analysis
Saved in:
| Main Author: | |
|---|---|
| Format: | Book |
| Language: | English |
| Published: |
Princeton, N. J. :
Princeton University Press,
c1996
|
| Edition: | rev. ed. |
| Series: | Princeton landmarks in mathematics and physics
|
| Subjects: | |
| Tags: |
Add Tag
No Tags, Be the first to tag this record!
|
MARC
| LEADER | 00000nam a2200000 i 4500 | ||
|---|---|---|---|
| 001 | 1/68055 | ||
| 008 | 990127s1996 eng d | ||
| 020 | |a 0-691-04490-2 | ||
| 035 | |l 10047584 | ||
| 040 | |a GR-MY-UA |b gre |e aacr | ||
| 041 | 0 | |a eng | |
| 082 | 0 | |a 515.1 | |
| 100 | 1 | |a Robinson, Abraham |d 1918-1974. | |
| 245 | 1 | 0 | |a Non-standard analysis / |c Abraham Robinson |
| 250 | |a rev. ed. | ||
| 260 | |a Princeton, N. J. : |b Princeton University Press, |c c1996 | ||
| 300 | |a xix, 293 p.; |b ill.; |c 24 cm. | ||
| 490 | 1 | |a Princeton landmarks in mathematics and physics | |
| 500 | |a Includes bibliography and index | ||
| 650 | 0 | 0 | |a Nonstandard mathematical analysis. |
| 650 | 0 | 0 | |a Logic, Symbolic and mathematical. |
| 830 | 0 | |a Princeton landmarks in mathematics and physics | |
| 852 | |a INST |b SAMOS |e 19990127 |h 515.1 ROB |p 005300013454 |q 005300013454 |t BK |y 0 | ||
| 901 | |a BIBL-1999-1 | ||
| 909 | |a Σ |b 060675 | ||
| 922 | |a 3ΕΛΗ |b 199901 |c ΕΠΕΑΕΚ/ΜΑΘ |d LEADER | ||